| 000 | 00570nam a2200205 u 4500 | ||
|---|---|---|---|
| 005 | 20230921063659.0 | ||
| 008 | 100521s1997 mx r 000 0 spa d | ||
| 020 | _a9789582003135 | ||
| 035 | _aUPN01000176005 | ||
| 049 | _aCG | ||
| 050 | 4 |
_aPQ8180.1 Y3.7 _bD5.2 1997 |
|
| 100 | 1 |
_aAyarza, Emilia, _d1920-1966 _931929 |
|
| 245 | 1 | 0 |
_aDiario de una mosca / _cEmilia Ayarza. |
| 250 | _a2a ed. | ||
| 260 |
_aBogotá : _bMagisterio, _c1997. |
||
| 300 |
_a109 p. : _bil. |
||
| 440 | 0 |
_aMontaña mágica ; _v39 |
|
| 650 | 4 |
_aLiteratura colombiana _912879 |
|
| 905 | _aLibro | ||
| 999 |
_c148108 _d148108 |
||